| 000 | 00829cab a2200229 4500 | ||
|---|---|---|---|
| 001 | ABS56927 | ||
| 008 | 090401t1997 xxu||||| |||| 00| 0 eng d | ||
| 035 | _a(Sirsi) u78086 | ||
| 041 | _aeng | ||
| 245 | _aWorkers in the construction industry | ||
| 260 | _c1997 | ||
| 350 | _a0 | ||
| 490 |
_aInland Revenue Tax Bulletin _v(28) April 1997, 405-413(9) |
||
| 520 | _aExplains contractors duties in relation to the employment status of their employees. Provides answers to common questions put to the Inland Revenue concerning the issue and gives worked examples showing how contractors should decide employment status for tax purposes. | ||
| 650 | _aCONSTRUCTION WORKERS | ||
| 650 | _aCONTRACTORS | ||
| 650 | _aEMPLOYMENT STATUS | ||
| 650 | _aSELF-EMPLOYED | ||
| 690 | _aTAXATION | ||
| 942 | _n0 | ||
| 948 | _c30/04/1997 | ||
| 999 |
_c49132 _d49132 |
||